| 000 | 00499nam a2200193Ia 4500 | ||
|---|---|---|---|
| 005 | 20241015015706.0 | ||
| 008 | 240331s9999 xx 000 0 und d | ||
| 020 | _a0761932038 | ||
| 082 |
_bSIL _a820 |
||
| 100 | _aSilva,N | ||
| 245 | 4 |
_aThe gendered nation : _bcontemporary writings from South Asia |
|
| 260 |
_aNew Delhi _bSAGE Publications _c2004 |
||
| 300 | _a256 p ., | ||
| 650 | _aSouth Asian Literature | ||
| 650 | _aHistory | ||
| 650 | _aCriticism | ||
| 650 | _aNationalism | ||
| 942 | _cL | ||
| 999 |
_c5387 _d5387 |
||